000 00375nam a2200145Ia 4500
008 260319s9999 xx 000 0 und d
020 _a9.7893695801e+012
082 _a515.3
_bDAS/I
100 _aDass,HK
245 0 _aIntroduction to Engineering Mathematics Vol 1
250 _a13th Ed.
260 _aNew Delhi
_bS.Chand Publishing
_c2026
300 _a655p.
942 _cBK
999 _c51656
_d51656